| 000 | 00451nam a2200181Ia 4500 | ||
|---|---|---|---|
| 008 | 230524s9999 xx 000 0 und d | ||
| 020 | _a0070435898 | ||
| 082 |
_a621.3 _bKOT |
||
| 100 | _aD P Kothari | ||
| 245 | 0 | _aTheory and Problems of Basic Electrical Engineering | |
| 250 | _a1ST | ||
| 260 |
_aNEW DELHI _bPHI _c2002 |
||
| 300 | _aVIII;510 | ||
| 500 | _aQuantity Number: 5 | ||
| 650 | _aElectrical | ||
| 700 | _a I.J.Nagrath | ||
| 942 | _cBK | ||
| 999 |
_c25962 _d25962 |
||